Central Library OPAC University of Rajshahi

Mechanisms of inorganic reactions : (Record no. 10179)

MARC details
000 -LEADER
fixed length control field 00893nam a2200277 a 4500
001 - CONTROL NUMBER
control field 10179
003 - CONTROL NUMBER IDENTIFIER
rucl marc code BD-RjUL
005 - DATE AND TIME OF LATEST TRANSACTION
control field 20211208234915.0
008 - FIXED-LENGTH DATA ELEMENTS--GENERAL INFORMATION
fixed length control field 140123s1958 nyua b 001 0 eng
035 ## - SYSTEM CONTROL NUMBER
System control number 02-755
-- (BD-RjUL)10227
040 ## - CATALOGING SOURCE
Original cataloging agency DLC
Transcribing agency DLC
Modifying agency m.c
-- m/c
-- BD-RjUL
Language of cataloging eng
041 ## - LANGUAGE CODE
Language code of text/sound track or separate title eng
082 ## - DEWEY DECIMAL CLASSIFICATION NUMBER
Classification number 546.3
Author mark and year BAM
100 1# - MAIN ENTRY--PERSONAL NAME
Personal name Basolo, Fred,
Dates associated with a name 1920-2007
9 (RLIN) 31434
245 10 - TITLE STATEMENT
Title Mechanisms of inorganic reactions :
Remainder of title a study of metal complexes in solution /
Statement of responsibility, etc. Fred Basolo and Ralph G. Pearson.
260 ## - PUBLICATION, DISTRIBUTION, ETC. (IMPRINT)
Place of publication, distribution, etc. New York :
Name of publisher, distributor, etc. Wiley ;
Place of publication, distribution, etc. London :
Name of publisher, distributor, etc. Chapman Hall,
Date of publication, distribution, etc. 1958.
300 ## - PHYSICAL DESCRIPTION
Pagination xi, 426 p. :
Illustrations ill. ;
Size 24 cm.
504 ## - BIBLIOGRAPHY, ETC. NOTE
Bibliography, etc Includes bibliographies and index.
650 #0 - SUBJECT ADDED ENTRY--TOPICAL TERM
Topical term or geographic name as entry element Chemical reactions.
9 (RLIN) 29171
Topical term or geographic name as entry element Chemistry, Inorganic.
9 (RLIN) 31435
Topical term or geographic name as entry element Metals.
9 (RLIN) 31436
700 1# - ADDED ENTRY--PERSONAL NAME
Personal name Pearson, Ralph G.
942 ## - ADDED ENTRY ELEMENTS (KOHA)
Source of classification or shelving scheme Dewey Decimal Classification
Koha item type Books
Holdings
Lost status Source of classification or shelving scheme Damaged status Not for loan Collection code Permanent Location Current Location Shelving location Date acquired Source of acquisition Cost, normal purchase price Total Checkouts Full call number Date last seen Copy number Koha item type
  Dewey Decimal Classification     Non-fiction Central Library, University of Rajshahi Central Library, University of Rajshahi   14/11/1963 Zeitlinger 79.00   546.3 BAM 1960 23/01/2014 C-3 Books
  Dewey Decimal Classification   Not For Loan Non-fiction Central Library, University of Rajshahi Central Library, University of Rajshahi Reading Room 14/11/1963 Zeithlinger. 79.00   546.3 BAM 1960 15/05/2017 C-1 Books
  Dewey Decimal Classification     Non-fiction Central Library, University of Rajshahi Central Library, University of Rajshahi   14/11/1963 Zeitlinger 79.00   546.3 BAM 1960 29/05/2017 C-2 Books